Normal view
MARC view
- Lascelles Hussey
Entry Personal Name
001 - CONTROL NUMBER
- control field: 4078
003 - CONTROL NUMBER IDENTIFIER
- control field: OSt
005 - DATE AND TIME OF LATEST TRANSACTION
- control field: 20170512155454.0
008 - FIXED-LENGTH DATA ELEMENTS
- fixed length control field: 170512|| aca||aabn | a|a d
040 ## - CATALOGING SOURCE
- Original cataloging agency: OSt
- Transcribing agency: OSt
100 ## - HEADING--PERSONAL NAME
- Personal name: Lascelles Hussey
670 ## - SOURCE DATA FOUND
- Source citation: Work cat.: (OSt): Jennifer Bean 4077, Pendedahan mengenai Nilai Terbaik Kemahiran Yang Penting untuk Sektor Awam, 2000

PORTAL AKMAL
E-MEL JKDM
AKMAL2U
G-BAM
u-PUSTAKA